| 000 | 00528nam a22001817a 4500 | ||
|---|---|---|---|
| 005 | 20260203114824.0 | ||
| 008 | 260203b |||||||| |||| 00| 0 eng d | ||
| 020 | _a978-1-260-54800-6 | ||
| 100 | _aPRESSMAN, ROGER S. | ||
| 245 |
_aSOFTWARE ENGINEERING _bA PRACTITIONER'S APPROACH |
||
| 250 | _a9TH ED | ||
| 260 |
_aNEW YORK _bMCGRAW HILL _c2020 |
||
| 300 | _aXXX, 671P. | ||
| 500 | _aINCLUDES INDEX | ||
| 650 | _a1. SOFTWARE ENGINEERING 2. COMPUTER SOFTWARE - DEVELOPMENT | ||
| 700 | _aMAXIM, BRUCE R. | ||
| 942 |
_2lcc _cBK |
||
| 999 |
_c216516 _d216516 |
||